Fúzie a akvizície

Charakteristika fúzií a akvizícií. Členenie fúzií a akvizícií - hľadisko odvetvové, ekonomické a daňové. Motívy pre uskutočnenie fúzií a akvizícií.

Gespeichert in:
Bibliographische Detailangaben
1. Verfasser: Fabian, Peter
Weitere Verfasser: Križan, Martin
Format: Buchkapitel
Sprache:Slowakisch
Schlagworte:
Tags: Tag hinzufügen
Keine Tags, Fügen Sie das erste Tag hinzu!

MARC

LEADER 00000nla$a2200000$$$4500
001 0076149
005 20240502071906.5
041 0 |a slo 
044 |a SK 
245 1 0 |a Fúzie a akvizície  |c Peter Fabian, Martin Križan 
520 |a Charakteristika fúzií a akvizícií. Členenie fúzií a akvizícií - hľadisko odvetvové, ekonomické a daňové. Motívy pre uskutočnenie fúzií a akvizícií. 
610 2 0 |a fúzie 
610 2 0 |a akvizícia 
610 2 0 |a spoločnosti 
610 2 0 |a kapitál 
610 2 0 |a aktíva 
610 2 0 |a dane 
610 2 0 |a efektívnosť 
610 2 0 |a odvetvia priemyselné 
100 1 |a Fabian, Peter 
700 1 |a Križan, Martin